000 00282nam a22001097a 4500
008 170104b xxu||||| |||| 00| 0 eng d
041 _aeng
080 _24th ed.
_a618.2
082 _24th ed.
245 _aNursing Care of Infants and Children
_cWhaley & Wong
942 _2udc
_cBK
_e4th ed.
999 _c2518
_d2518